Get the Picture: South Park or Springfield Elementary Quiz Stats

 Plays Quiz Updated Apr 7, 2019

Score 0/16 Timer 02:00
0 Plays Today
Question Answer Wrong Answers
Principal Skinner Springfield Elementary
92.1%
South Park Elementary
3.6%
Groundskeeper Willie Springfield Elementary
91.3%
South Park Elementary
4.5%
Chef South Park Elementary
91.2%
Springfield Elementary
4.5%
Mr. Slave South Park Elementary
90.8%
Springfield Elementary
4.7%
Mr. Mackey South Park Elementary
88.9%
Springfield Elementary
6.6%
Mrs. Krabappel Springfield Elementary
88.6%
South Park Elementary
7%
Mr. Garrison South Park Elementary
88.6%
Springfield Elementary
7.2%
Principal Victoria South Park Elementary
88.3%
Springfield Elementary
7.2%
PC Principal South Park Elementary
88.3%
Springfield Elementary
7.3%
Superintendent Chalmers Springfield Elementary
86.3%
South Park Elementary
9.4%
Lunchlady Doris Springfield Elementary
81.8%
South Park Elementary
14.1%
Ms. Hoover Springfield Elementary
76.6%
South Park Elementary
18.8%
Mr. Adler South Park Elementary
66.2%
Springfield Elementary
29.7%
Ms. Stephenson South Park Elementary
64.8%
Springfield Elementary
30.7%
Mr. Largo Springfield Elementary
53.9%
South Park Elementary
42%
Coach Krupt Springfield Elementary
48.6%
South Park Elementary
47.1%

Today's Daily Dose

Missing Word
1940s A-Z

Quick Pick
'S' Athletes

Get the Picture
Depp or Bonham Carter

You're not logged in!

Compare scores with friends on all Sporcle quizzes.
OR
Log In

Sporcle TV

Today on Sporcle TV


Watch our educational content, quiz creation guides, and fun videos on Sporcle TV.

Show Comments

Extras

Top Quizzes Today


Score Distribution

Your Account Isn't Verified!

In order to create a playlist on Sporcle, you need to verify the email address you used during registration. Go to your Sporcle Settings to finish the process.

Report this User

Report this user for behavior that violates our Community Guidelines.

Details: